Personnages GTA 5 - Mort Subite - Statistiques

Statistiques générales
  • Ce quiz a été pris 768 fois
  • Le résultat moyen est 9 sur 18
Answers on the Grid
Answers color-coded by a green-red scale on the quiz's grid according to % correct below.
Michael De Santa
Lamar Davis
Franklin Clinton
Jessie De Santa
Trevor Philips
Jimmy
Derek Clinton
Lester Crest
Ryan Philips
Tracey
Amanda
Tony Haines
Chop
Karen Crest
Denise
Ron Jakowski
Paul Norton
Wade Hebert
Beverly
Dave Norton
Marcus De Santa
Tonya Wiggins
Martin Clinton
Dr Friedlander
Eddie Weston
Molly
Mary-Ann
Cole Jakowski
 
Statistiques - réponses
Réponse % Correct
Franklin Clinton
92%
Michael De Santa
91%
Lamar Davis
88%
Trevor Philips
78%
Jimmy
69%
Lester Crest
67%
Amanda
62%
Chop
61%
Tracey
61%
Dave Norton
38%
Ron Jakowski
36%
Dr Friedlander
34%
Molly
33%
Denise
32%
Beverly
27%
Mary-Ann
23%
Tonya Wiggins
23%
Wade Hebert
23%
Aucun quiz correspondant
Distribution des résultats
% des personnes avec chaque résultat
Percentile par nombre de réponses
Votre historique - résultats
Vous n’avez pas pris ce quiz